| 000 | 00539nam a2200193Ia 4500 | ||
|---|---|---|---|
| 008 | 151119s9999||||xx |||||||||||||| ||und|| | ||
| 082 | _a915.4 | ||
| 082 | _bGKKV26644 | ||
| 100 | _aकुंटे जगन्नाथ | ||
| 245 | _aसाधना मस्त | ||
| 260 | _a--- | ||
| 260 | _b--- | ||
| 260 | _c2006 | ||
| 600 | _aकुंटे जगन्नाथ | ||
| 630 | _aसाधना मस्त | ||
| 700 | _aकुंटे जगन्नाथ | ||
| 730 | _aसाधना मस्त | ||
| 942 | _cBOOK | ||
| 999 |
_c1079115 _d1079112 |
||